| 000 | 00515nam a2200181Ia 4500 | ||
|---|---|---|---|
| 003 | LK-CoDNM | ||
| 008 | 010623t2006 xxu||||| |||| 00| 1 sin d | ||
| 040 |
_aLK-CoDNM _dLK-CoDNM _eLK-CoDNM |
||
| 041 | _asin | ||
| 080 | _a294.3RAT | ||
| 100 | _aRathngoda,Lasantha | ||
| 245 | _aසියලු සංස්කෘර ධර්ම නැසෙන සුළුය | ||
| 246 | _aSiyalu Saskara Dharma Nasena Suluy | ||
| 260 |
_bAriya _aColombo _c2006 |
||
| 300 | _b82p., 21 cm | ||
| 650 | _aBuddhism | ||
| 942 | _cBK | ||
| 999 |
_c126259 _d126259 |
||